000 01754cam a22004574i 4500
003 PE-LiUPU
005 20250731173050.0
008 180108s2013 xxu0 r0 000 0 eng d
020 _a9780664233334
035 _a(Sirsi) a240888
040 _aPE-LiUPU
_bspa
_cPE-LiUPU
_erda
049 _aPRUA
082 0 4 _a261.88
_bT91
_223
100 1 _aTull, Patricia K.,
_eautor.
245 1 0 _aInhabiting Eden :
_bChristians, the Bible, and the ecological crisis /
_cPatricia K. Tull.
250 _aFirst edition.
264 1 _aKentucky :
_bEWestminster John Knox Press;
_c2013
300 _aIX, 193 páginas ;
_c22 centímetros
336 _atext
_2rdacontent
337 _aunmediated
_2rdamedia
338 _avolume
_2rdacarrier
505 0 _aThe problem of change, then and now -- Humans and creation -- Leaving the garden -- Commerce and contentment -- Food for life -- The needs of animals -- Environmental fairness -- Our children's inheritance -- Living within our means -- Appendix A: Key passages -- Appendix B: Genesis 1:1-2:3.
526 _aSEG42
526 _aSEG41
526 _aSEG40
526 _aSEG39
526 _aP94
526 _aP87
526 _aP86
526 _aP85
526 _aP77
526 _aP76
526 _aP35
630 _aBiblia.
_pA.T.
_pGénesis, I-IV
_xCrítica, interpretación, etc.
650 0 4 _aEcología humana
_xAspectos religiosos
_xCristianismo.
910 _adbm
_bksl
_cksl
_d20180108
596 _a1
942 _2ddc
_cBOOK
999 _a261.88 T91
_wLC
_c26583
_i77931
_f2021-11-10
_g4
_lCCODEBUL1
_mBUL
_p8.50
_r0
_sY
_tBOOK
_u2018-1-8
_xTEOLOGIA
_PP85
_0DONACION
_o.STAFF. Colección Teología
_d26583
980 _81
_gALBERTO SANCHEZ Responsable de Automatización